Największe kraje świata - Statystyki

Ogólne statystyki
  • Ten quiz został rozwiązany 1 197 razy
  • Średni wynik to 24 z 50
Statystyki odpowiedzi
(km²) Nazwa kraju Podpowiedź (można zasłonić heh) % Poprawnych
17,1 mln Rosja Największy kraj :P
98%
9,6 mln Chiny Największy kraj znajdujący się w Azji
95%
9,5 mln Stany Zjednoczone Dzięki nim Alianci wygrali II WŚ
95%
10 mln Kanada Znajduje się w Ameryce Północnej
92%
8,5 mln Brazylia Największy kraj Ameryki Południowej
91%
2,8 mln Argentyna 2 Największy kraj w Ameryce Południowej
83%
7,7 mln Australia Była kolonia Brytyjska w Oceanii
78%
3,3 mln Indie Była kolonia Brytyjska w Azji
78%
312,6 K Polska Posiada 16 województw
77%
603,5 K Ukraina Sąsiaduje z Polską
76%
2,7 mln Kazachstan Największy kraj wyzwolony przez upadający ZSRR
73%
357,0 K Niemcy Największy przeciwnik historii.
72%
551,5 K Francja Ten kraj walczył w Europie podczas II WŚ
70%
2,0 mln Meksyk 3 Największy kraj w Ameryce Północnej
69%
2,1 mln Arabia Saudyjska Posiadają dużo piasku i ropy :P
63%
505,4 K Hiszpania W tym kraju wybuchła wojna domowa w 1936 roku
59%
1,2 mln Republika Południowej Afryki Kolonia Brytyjska w Afryce
58%
2,4 mln Algieria Najwieksza kolonia Francuska w Afryce
57%
1,0 mln Egipt Prowadził oblężenie Jerozolimy w 70 roku
57%
377,9 K Japonia Podbiła chiny
56%
301,3 K Włochy Kraj posiadający marke FIAT
55%
1,6 mln Mongolia Kiedyś byli gigantycznym imperium które doszło do Europy
53%
1,9 mln Indonezja Była II Wojenna Kolonia Holenderska
51%
1,28 mln Peru Sąsiaduje z Brazylią i Boliwią
50%
2,3 mln Demokratyczna Republika Konga II wojenna kolonia Belgijska w Afryce
49%
450,3 K Szwecja Państwo które mocno handlowało z Niemcami podczas II WŚ
45%
207,6 K Białoruś Kraj będący w Europie należący do sojuszu Rosyjskiego
44%
796,1 K Pakistan Muzułmański kraj który się odłączył od Indii
43%
438,3 K Irak Kraj islamski na bliskim wschodzie
42%
323,8 K Norwegia Kraj bardzo bogaty na rybołówstwie oraz prądzie wodnym
41%
309,5 K Oman Jedyny kraj na litere "O"
41%
446,5 K Maroko Kraj w północno-zachodniej Afryce
35%
0,44 km² Watykan To chyba wiadome :)
32%
267,7 K Nowa Zelandia 2 Była Kolonia Brytyjska w Oceanii
29%
131,9 K Grecja Słynny starożytny kraj
28%
2 km² Monako Odwrócona Polska XDD
27%
176,2 K Urugwaj Najmniejszy (chyba) kraj w ameryce południowej (ma dostęp do wody) i graniczy z Argentyną
24%
20,77 K Izrael Mocno religijny kraj Chrześcijanów
23%
587,0 K Madagaskar Była wyspa Francuska
23%
83,87 K Austria Kraj dobry pod Ferie Zimowe
19%
120,5 K Korea Północna Komunistyczny kraj
18%
65,20 K Litwa Kochają Polaków :*
18%
185,2 K Syria Kraj w którym jest pełno terroryzmu i ataków #Bliski wschód
18%
406,7 K Paragwaj Znajduje się w południowej Afryce i graniczy TYLKO z 3 krajami
17%
110,8 K Bułgaria Kraj na bałkanach który zaangażował się w I WŚ
12%
144,0 K Bangladesz Kraj który został wyzwolony przez Pakistan
11%
11,58 K Katar Bardzo bogaty kraj z dużym skupiskiem Ropy Naftowej
11%
38,39 K Bhutan Jedyny kraj ze smokiem na fladze
10%
196,7 K Senegal Kraj który wygrał z Polską w 1/8 finału Mistrzostw świata
8%
28,74 K Albania Jako pierwsza odłączyła się od strefy wpływów ZSRR po II Wojnie Światowej
6%
Nie znaleziono quizów pasujących do podanych kryteriów
Rozkład punktacji
Procent ludzi z każdym wynikiem
Percentyl według liczby udzielonych odpowiedzi
Twoja historia wyników
Nie rozwiązałeś tego quizu